| 000 | 01733nam a2200229Ia 4500 | ||
|---|---|---|---|
| 008 | 260220t1969||||xx |||||||||||||| ||spa|| | ||
| 040 |
_aPY-SlUNAC _bspa _erda |
||
| 041 | _aspa | ||
| 082 |
_a301 _bD637d |
||
| 245 | 0 | _aLa documentación y organización de los datos en la investigación sociológica | |
| 264 |
_aMadrid : _bCECA, _c℗1969. |
||
| 300 | _a1 volumen | ||
| 520 | _aEl libro "La documentación y organización de los datos en la investigación sociológica", publicado en 1969 por CECA en Madrid, aborda la importancia fundamental de la gestión adecuada de datos en el ámbito de la sociología. A través de un análisis riguroso, el autor examina las diversas técnicas de recopilación y organización de información, enfatizando cómo estas prácticas impactan la validez y la fiabilidad de los resultados de investigación. Se discuten metodologías específicas para la clasificación y el almacenamiento de datos, así como la utilización de herramientas documentales que facilitan el acceso y la interpretación de la información. Además, el texto explora el papel de la tecnología en la modernización de estos procesos, anticipando cambios que se han vuelto relevantes en la investigación contemporánea. En conjunto, la obra sirve como una guía esencial para investigadores sociológicos, proporcionando un marco teórico y práctico que promueve una mayor rigurosidad y sistematicidad en la investigación social. | ||
| 653 | _aDocumentación | ||
| 653 | _aInvestigación sociológica | ||
| 653 | _aOrganización de datos | ||
| 942 |
_b2026/02/17 _cBK |
||
| 999 |
_c6905 _d6905 |
||